| 000 | 01211nam a2200337 a 4500 | ||
|---|---|---|---|
| 005 | 20200104041506.0 | ||
| 008 | 140114b1995 py d fr|||| 00| 0 spa d | ||
| 040 |
_aCO-BoIAVH _cCO-BoIAVH |
||
| 041 | 0 | _aspa | |
| 044 | _apy | ||
| 082 | 0 | 4 |
_a 333.95 _bN44d |
| 100 | 1 | _aNeris, Nora N. | |
| 245 | 1 |
_aDocumento base sobre biodiversidad / _cProyecto Estrategia Nacional para la Protección de los Recursos Naturales |
|
| 260 |
_aAsunción, Paraguay : _bSubsecretaría de Recursos Naturales y Medio Ambiente : _bDeutsche Gesellschaft Für Technische Zusammenarbeit, _c1995. |
||
| 300 |
_a166 páginas: _bCuadros; _c22 x 15 cm. |
||
| 650 | 6 | _aBiodiversidad | |
| 650 |
_aBiodiversidad _zParaguay |
||
| 650 | 6 | _aConservación de biodiversidad | |
| 650 | 6 | _aLista de especies | |
| 650 | 6 | _aPlan de acción ambiental | |
| 650 | 6 | _aUso de biodiversidad | |
| 650 | 6 | _aBiogeografía | |
| 650 | 6 | _aFormaciones vegetales | |
| 650 | 4 |
_aAreas protegidas _zParaguay |
|
| 650 | 6 | _aLegislación | |
| 662 | _aParaguay | ||
| 700 | 1 | _aPin, Ana | |
| 700 | 1 | _aQuintana, Marizza | |
| 700 | 1 | _aLópez, Nancy E. | |
| 942 |
_cLIBRO _2ddc |
||
| 999 |
_c128 _d128 |
||